Car Seat Headrest - Destroyed by Hippie Powers Lyrics Quiz - Statistics

General Stats
  • This quiz has been taken 59 times
    46 since last reset
  • The average score is 130 of 161
Answer Stats
% Correct
a
100%
by
100%
have
100%
I
100%
my
100%
My
100%
am
96%
been
96%
destroyed
96%
hippie
96%
I'm
96%
powers
96%
that
96%
That
96%
home
92%
is
92%
mother
92%
Tell
92%
what
92%
What
92%
who
92%
in
88%
In
88%
the
88%
to
88%
and
83%
going
83%
happened
83%
little
83%
mind
83%
Beach
79%
Boys
79%
chubby
79%
had
79%
kid
79%
last
79%
loved
79%
not
79%
freaking
75%
fucker
75%
killed
75%
la
75%
out
75%
Should
75%
smiled
75%
beer
71%
clear
71%
got
71%
house
71%
isn't
71%
much
71%
his
67%
mine
67%
new
67%
of
67%
so
67%
took
67%
you
67%
end
63%
for
63%
glasses
63%
goal
63%
name
63%
but
58%
It's
58%
it's
58%
more
58%
bargained
54%
DMT
54%
Hit
54%
less
54%
on
54%
paid
54%
than
54%
come
50%
Shouldn't
50%
undone
50%
here
46%
mic
46%
microphone
46%
guy
42%
hate
42%
kinda
42%
limp
42%
stand
42%
hangs
38%
bowtie's
29%
woo
29%
No matching quizzes found
Score Distribution
Percent of People with Each Score
Percentile by Number Answered
Your Score History
You have not taken this quiz since the last reset